| 000 | 00630nam a22002057a 4500 | ||
|---|---|---|---|
| 999 |
_c14361 _d14361 |
||
| 003 | AR-CdUCM | ||
| 008 | 190423b ||||| |||| 00| 0 spa d | ||
| 020 | _a978-84-9825-879-0 | ||
| 040 |
_aMUNICIPALIDAD PROVINCIAL DEL CUSCO _cBIBLIOTECA MUNICIPAL DEL CUSCO |
||
| 041 | _heng | ||
| 082 |
_aPI / 376.1 / _bC29 |
||
| 110 |
_aCaterpillar books _933106 |
||
| 245 | _aUno, dos, cucú / | ||
| 260 |
_aBarcelona : _bCombel, _c2014. |
||
| 300 |
_a11 páginas ; _bIlustraciones, _c23 cm. |
||
| 650 |
_aLiteratura infantil _9588 |
||
| 700 |
_aSantos, Diego De Los (traductor) _933107 |
||
| 942 |
_2ddc _cLIBROS |
||
| 945 |
_aacv _d2019-04-23 |
||